Pays par Emojis #A - Statistiques

Statistiques générales
  • Ce quiz a été pris 147 fois
  • Le résultat moyen est 6 sur 14
Statistiques - réponses
Emojis Pays % Correct
🐨🌏🏄 Australie
88%
🍺🥨🎵 Allemagne
86%
🕋🏜️🛢️ Arabie-Saoudite
67%
🎻🏰⛷️ Autriche
47%
🐄⚽🥩 Argentine
44%
🐪🏜️🛢️ Algérie
43%
🏔️🕌🧕 Afghanistan
35%
🦁🌍🏞️ Afrique-du-Sud
25%
🦅🏰🌊 Albanie
22%
⚙️🛢️🦓 Angola
22%
🏝️⛵🌞 Antigua-et-Barbuda
22%
⛪⛰️🍇 Arménie
19%
⛷️🏞️⛪ Andorre
16%
🔥🏙️🕌 Azerbaïdjan
15%
Aucun quiz correspondant
Distribution des résultats
% des personnes avec chaque résultat
Percentile par nombre de réponses
Votre historique - résultats
Vous n’avez pas pris ce quiz